Statistics for Minecraft vs. Terraria

Click here to take the quiz!

General Stats

  • This quiz has been taken 43 times
  • The average score is 8 of 15

Answer Stats

QuestionAnswer% Correct
Which game has more bossesTerraria
97%
In which game is there many biomesBoth
92%
In which game can you make legit furniture, other than bedsTerraria
84%
In which game do tools breakMinecraft
78%
Which game has dragons you can killBoth
76%
Which game is a sandboxBoth
73%
Which game has more itemsTerraria
73%
In which game is there a limit to the size of the worldTerraria
68%
Which game has more loreTerraria
65%
In which game can you summon things to fight for youBoth
32%
In which game can you actually get an ending sequenceMinecraft
32%
In which game are there eventsBoth
19%
What game is more rage inducingMinecraft
16%
In which game do you kill godsBoth
8%
In which game are there physical cloudsBoth
5%

Score Distribution

Percentile by Number Answered

Percent of People with Each Score

Your Score History

You have not taken this quiz